| 000 | 01258nam a22003377a 4500 | ||
|---|---|---|---|
| 999 |
_c29390 _d29361 |
||
| 003 | EG-ScBUE | ||
| 005 | 20210824093216.0 | ||
| 008 | 200219s2002 ne ab f b 000 0 eng d | ||
| 020 | _a9789773040628 | ||
| 020 | _a9773040623 | ||
| 040 |
_aEG-ScBUE _beng _erda _cEG-ScBUE _dEG-ScBUE |
||
| 043 | _af-ua--- | ||
| 082 | 0 | 4 |
_a307.764096216 _bSIR _222 |
| 100 | 1 |
_aSirry, Azza, _eauthor. |
|
| 245 | 1 | 0 |
_aLocal practices in urban management in secondary cities in Egypt : _bthe case of Belbeis / _cAzza Sirry ; edited by, Claudio Acioly Jr. and Sameh Wahba. |
| 264 | 1 |
_aRotterdam, Netherlands : _bInstitute of Housing and Urban Development Studies, _c2002. |
|
| 300 |
_axvii, 101 pages : _billustrations, maps ; _c28 cm |
||
| 336 |
_2rdacontent _atext _btxt |
||
| 337 |
_2rdamedia _aunmediated _bn |
||
| 338 |
_2rdacarrier _avolume _bnc |
||
| 504 | _aIncludes bibliographical references. | ||
| 650 | 7 |
_aCities and towns _zEgypt _zBilbays. _2BUEsh |
|
| 650 | 7 |
_aCity planning _zEgypt _zBilbays. _2BUEsh |
|
| 650 | 7 |
_aLocal government _zEgypt _zBilbays. _2BUEsh |
|
| 653 |
_bGGEN _cAugust2021 |
||
| 655 |
_vReading book _934232 |
||
| 700 | 1 |
_aAcioly, Claudio C., _eeditor. |
|
| 700 | 1 |
_aWahba, Sameh, _eeditor. |
|
| 942 |
_2ddc _cBB |
||